Brunei Trivia Quiz - Statistieken

Algemene statistieken
  • Deze quiz is 268 keer genomen
  • De gemiddelde score is 11 van 16
Antwoordstatistieken
Hint Antwoord % Correct
Andere landen op dat eiland Indonesië
96%
Belangrijkste religie Islam
95%
Andere landen op dat eiland Maleisië
94%
Land waaruit Brunei in 1984 onafhankelijk werd Verenigd Koninkrijk
89%
Belangrijkste exportproduct Olie
83%
Eiland waar Brunei op ligt Borneo
79%
Titel van het staatshoofd Sultan
79%
Brunei's regeringssysteem Absolute {monarchie}
77%
Hoofdstad Bandar Seri Begawan
75%
Valuta Bruneise dollar
68%
Zee waar Brunei aan ligt Zuid-Chinese Zee
66%
Welke aap, met een lichaamsdeel in zijn naam, komt veel voor in Brunei? {Neus}aap
64%
Ongewone straf die Brunei, net als Singapore, oplegt voor bepaalde misdaden Stokslagen
52%
Op een na grootste etnische groep, na Maleiers Chinezen
49%
Volledige naam van het land Staat Brunei {Darussalam}
42%
"Misdaad" waarvoor mensen kunnen worden gestenigd, volgens een wet uit 2019 Mannelijke homoseksualiteit
35%
Geen overeenkomende quizzen gevonden
Scoreverdeling
Procent van Mensen met Elke Score
Percentiel versus Aantal Correcte Antwoorden
Uw Scoregeschiedenis
U heeft deze quiz nog niet genomen